แสดงรายละเอียดบรรณานุกรม
  กลับหน้าหลัก

Brief Record : Get Marc (ISO 2709) : E-mail record : QR code ปิดหน้าต่าง
E-books : เกี่ยวกับ Collections
LEADER 00000nam 2200000uu 4500
001    211206
003     ULIBM
008    020711s2558 th a 000 0 tha d
020    9786163611031
041    ^atha
050  4 BQ4570.L5 ป438ป 2558
100    ปรัศน์ มาลากุล ณ อยุธยา
245    เปลือกมนุษย์ : ^bแสงแห่งธรรมที่ไร่เชิญตะวัน/^cปรัศน์ มาลากุล ณ อยุธยา;เขียนและเรียบเรียง
250    พิมพ์ครั้งที่ 4
260    กรุงเทพฯ :^bบริษัท สุขุมวิทการพิมพ์ จำกัด,^c2558
300    165 หน้า :^bภาพประกอบ ;^c21 ซม.
650  4 ธรรมะกับชีวิตประจำวัน
650  4 ^aการดำเนินชีวิต^xแง่ศาสนา^xพุทธศาสนา
999    ^aใช้งานได้ทุกระบบ
รายการนี้ยังไม่มีแท็ก
คุณยังไม่ได้ล็อกอิน คุณสามารถมีกิจกรรมร่วมกับเว็บไซต์ได้ แต่ต้องล็อกอินก่อน ::
  ล็อกอิน
ลำดับที่ ประเภท เลขเรียก สถานที่ สถานะ
1. หนังสือทั่วไป
หนังสือทั่วไป
BQ4570.L5 ป438ป 2558 c.1 
  
หนังสือทั่วไป On Shelf
  ขอยืม
   [แสดง 1/1 รายการ]

รายการใกล้เคียง
    หัวเรื่อง [ธรรมะกับชีวิตประจำวัน]

BibComment


ยังไม่เคยถูกคอมเมนท์

คอมเมนท์ทรัพยากรรายการนี้
  คอมเมนท์: เปลือกมนุษย์ แส..
Bib 211206

 
 
 

 Union Library Management : ULibM
Copyright 2026. All Rights Reserved.
скачать бесплатно без регистрации порно красивый секс HD Sex Hindi sex

xxx gou

xxxx

bfxxx

xxxwww

Секса Видео

xxxx

Секса Видео

detube

geilexxx

C99 Shell

worms shell

blod xxx video
Ebony Coed Rihanna Rimes Takes A Dick In Her Young Twat priyaa indian fuck anal and pusssy hardcore indian women xxx desi hardcore fucking part 1 bengalixxxcouple